00364nam a2200109Ia 4500008004100000082000800041100001500049245007400064942000600138952009500144999001500239240331s9999 xx 000 0 und d bKOD aKodikara,C 4aThe struggle for equal political representation of women in Sri Lanka cL 001040708LaWERCLbWERCLcSSCd2024-03-31l0o 320 KODp6538r2024-03-31w2024-03-31yL c5410d5410